Name Every SMBZ Character Fun Version - Statistics

General Stats
  • This quiz has been taken 14 times
  • The average score is 29 of 58
Answer Stats
Hint Answer % Correct
2 Luigi
91%
1 Mario
91%
28 Bowser
73%
6 Princess Peach
73%
45 Amy
64%
21 Axem Black
64%
22 Axem Green
64%
24 Axem Pink
64%
20 Axem Red
64%
23 Axem Yellow
64%
46 Cream
64%
29 Dr. Eggman
64%
11 Goombella
64%
31 Kamek
64%
32 Kamella
64%
44 Knuckles
64%
14 Mecha Sonic
64%
15 Metallix
64%
7 Professor E. Gadd
64%
5 Shadow
64%
4 Sonic
64%
8 Stuffwell
64%
10 Waluigi
64%
9 Wario
64%
3 Yoshi
64%
52 Basilisx
55%
17 Black Koopa Bro
55%
33 Bowser Jr.
55%
18 Green Koopa Bro
55%
16 Red Koopa Bro
55%
49 Rouge
55%
43 Tails
55%
41 Toadsworth
55%
19 Yellow Koopa Bro
55%
36 Iggy
45%
12 Kolorado
45%
35 Larry
45%
34 Lemmy
45%
40 Ludwig
45%
30 Mecha Mario
45%
13 Metal Sonic
45%
39 Morton
45%
50 Omega-123
45%
38 Roy
45%
37 Wendy
45%
47 Cheese
36%
25 Chief Yoshi
36%
51 Smithy
36%
26 Thunderfoot
36%
54 Bauzire Koopa
18%
55 Hal
18%
56 Jeff
18%
27 Professor Frankly
18%
53 Queen Pesca VIII
18%
42 Rawk Hawk
18%
58 Lakilarry
9%
57 Lakitu King
9%
48 Maria Robotnik
0%
No matching quizzes found
Score Distribution
Percent of People with Each Score
Percentile by Number Answered
Your Score History
You have not taken this quiz